Filosofía y lenguaje : Estudios y ensayos fundamentales
Saved in:
| Main Author: | |
|---|---|
| Format: | Book |
| Language: | Undetermined |
| Published: |
Buenos Aires, Argentina
Editorial Proteo
1969
|
| Subjects: | |
| Tags: |
Add Tag
No Tags, Be the first to tag this record!
|
MARC
| LEADER | 00000nam a2200000Ia 4500 | ||
|---|---|---|---|
| 008 | 170316s9999 xx 000 0 und d | ||
| 090 | |a 100 M-38f | ||
| 100 | |a Merleau-Ponty, Maurice | ||
| 245 | |a Filosofía y lenguaje : Estudios y ensayos fundamentales | ||
| 260 | |a Buenos Aires, Argentina | ||
| 260 | |b Editorial Proteo | ||
| 260 | |c 1969 | ||
| 300 | |a 142 páginas | ||
| 650 | |a FILOSOFÍA | ||
| 999 | |c 17003 |d 17003 | ||
| 040 | |a cru BVZT | ||
| 942 | |c 15 D |h 100 M-38f |2 z | ||
